La segunda casaca (Record no. 161867)

MARC details
000 -LEADER
campo de control de longitud fija 00984nam a2200241 i 4500
001 - NÚMERO DE CONTROL
campo de control 161867
003 - IDENTIFICADOR DE NÚMERO DE CONTROL
campo de control ES-MaACL
005 - FECHA Y HORA DE LA ÚLTIMA TRANSACCIÓN
campo de control 20250804062627.0
008 - DATOS DE LONGITUD FIJA--INFORMACIÓN GENERAL
campo de control de longitud fija 970613s1876 sp |||| | spa d
100 1# - ENTRADA PRINCIPAL--NOMBRE DE PERSONA
Nombre de persona Pérez Galdós, Benito,
Fechas asociadas al nombre 1843-1920
9 (RLIN) 90871
245 13 - MENCIÓN DEL TÍTULO
Título La segunda casaca
Resto del título : (continuación y fin de las Memorias de un cortesano de 1815) /
Mención de responsabilidad, etc. B. Pérez Galdós.
260 ## - PUBLICACIÓN, DISTRIBUCIÓN, ETC.
Lugar de publicación, distribución, etc. Madrid :
Nombre del editor, distribuidor, etc. [s.n.],
Fecha de publicación, distribución, etc. 1876 (
Fabricante Imp. de José María Pérez)
300 ## - DESCRIPCIÓN FÍSICA
Extensión 347 p. ;
Dimensiones 17 cm.
490 1# - MENCIÓN DE SERIE
Mención de serie Episodios nacionales. Segunda serie ;
Designación de volumen o secuencia 3
530 ## - NOTA DISPONIBLE DE FORMULARIO FÍSICO ADICIONAL
Nota de formato físico adicional disponible Disponible en formato digital.
597 ## - NOTA DE DESCRIPCIÓN FÍSICA
NOTA DE DESCRIPCIÓN FÍSICA Port. a dos tintas.
651 #4 - PUNTO DE ACCESO ADICIONAL DE MATERIA--NOMBRE GEOGRÁFICO
Nombre geográfico España-
Subdivisión general Historia-
Subdivisión cronológica 1814-1833, Fernando VII-
Subdivisión de forma Novelas.
9 (RLIN) 169797
700 1# - ENTRADA AGREGADA--NOMBRE PERSONAL
Nombre de persona Pérez, José María.
9 (RLIN) 131500
830 0# - PUNTO DE ACCESO ADICIONAL DE SERIE-TÍTULO UNIFORME
Título uniforme Episodios nacionales. Segunda serie ;
Designación de volumen o secuencia 3
9 (RLIN) 188349
852 ## - LOCALIZACIÓN
Ubicación ES-MaACL
Número de control de estantería B-5810 Bis
Nota libre - Enc. pasta
856 ## - LOCALIZACIÓN Y ACCESO ELECTRÓNICOS
Identificador Uniforme de Recursos <a href="http://bdh-rd.bne.es/viewer.vm?id=0000201143&page=1 ">http://bdh-rd.bne.es/viewer.vm?id=0000201143&page=1 </a>
Nota pública Biblioteca Digital Hispánica
Holdings
Estatus retirado Estado de pérdida Estado de daño No para préstamo Colección Biblioteca de origen Biblioteca actual Ubicación en estantería Fecha de adquisición Fuente de adquisición Total de préstamos Signatura topográfica completa Código de barras Visto por última vez Precio de reemplazo Tipo de ítem Koha
        Colección digital Biblioteca del Ateneo de Madrid Biblioteca del Ateneo de Madrid Sala Pardo Bazán 17/01/2008     B-5810Bis 1169558 23/02/2023 23/02/2023 Libro impreso antiguo